Finn-Kelcey v Milton Keynes Council (Record no. 80520)
[ view plain ]
| 000 -LEADER | |
|---|---|
| fixed length control field | 02392cad a22002415a 4500 |
| 001 - CONTROL NUMBER | |
| control field | L144568 |
| 008 - FIXED-LENGTH DATA ELEMENTS--GENERAL INFORMATION | |
| fixed length control field | 080729e20080703xxk f v 000 0 eng d |
| 035 ## - SYSTEM CONTROL NUMBER | |
| System control number | (Sirsi) u144568 |
| 041 0# - LANGUAGE CODE | |
| Language code of text/sound track or separate title | eng |
| 245 00 - TITLE STATEMENT | |
| Title | Finn-Kelcey v Milton Keynes Council |
| Medium | [electronic resource] |
| 260 ## - PUBLICATION, DISTRIBUTION, ETC. | |
| Date of publication, distribution, etc. | 2008 |
| 520 ## - SUMMARY, ETC. | |
| Summary, etc. | [2008] EWHC 1650 (Admin), 3 July 2008. Application for judicial review of a local authority decision to grant planning permission was refused despite a breach of planning regulations; as the permission would have been provided anyway and there had been an unreasonable delay before the application for review was made. Applicant (F) requested a judicial review of a decision of the local authority to build a wind farm on the land of (M). F belonged to a group (B) opposed to wind farms in the locale, stating there was insufficient wind speed. Local authority requested further information from M to be made available to the public. M provided the data on CDs as it was considerable, but the local authority did not put this infomation in the public file for consideration (although B were made aware of its existence). Committee granted planning permission and F applied for the review on the basis that B had not been provided with the data CDs. Held: M did all it could to provide the data, but the local authority had breached regulations. As the data had been mentioned in supplementary evidence, there was no unfairness to B and planning permission would have been granted regardless. F was refused permision to apply and his claim failed. All failings were easily identifiable and M would have been significantly materially disadvantaged by the delay of an investigation after the event of planning permission being granted. |
| 590 ## - LOCAL NOTE (RLIN) | |
| Local note | KA |
| 650 24 - SUBJECT ADDED ENTRY--TOPICAL TERM | |
| Topical term or geographic name entry element | FINN-KELCEY V MILTON KEYNES COUNCIL |
| 650 24 - SUBJECT ADDED ENTRY--TOPICAL TERM | |
| Topical term or geographic name entry element | BERKELEY V SECRETARY OF STATE |
| 650 24 - SUBJECT ADDED ENTRY--TOPICAL TERM | |
| Topical term or geographic name entry element | PLANNING POLICY STATEMENT 22 |
| 650 24 - SUBJECT ADDED ENTRY--TOPICAL TERM | |
| Topical term or geographic name entry element | TOWN AND COUNTRY PLANNING (ENVIRONMENTAL IMPACT ASSESSMENT) REGULATIONS 1999 |
| 651 #4 - SUBJECT ADDED ENTRY--GEOGRAPHIC NAME | |
| Geographic name | England and Wales |
| Chronological subdivision | 1543- |
| 690 ## - LOCAL SUBJECT ADDED ENTRY--TOPICAL TERM (OCLC, RLIN) | |
| Topical term or geographic name as entry element | ENVIRONMENTAL AND LAND CONSULTANCY-ENVIRONMENTAL MANAGEMENT-ENVIRONMENTAL ASSESSMENT-ENVIRONMENTAL IMPACT ASSESSMENT |
| 690 ## - LOCAL SUBJECT ADDED ENTRY--TOPICAL TERM (OCLC, RLIN) | |
| Topical term or geographic name as entry element | ENVIRONMENTAL AND LAND CONSULTANCY-PLANNING AND DEVELOPMENT-STRATEGIC PLANNING |
| 856 40 - ELECTRONIC LOCATION AND ACCESS | |
| Uniform Resource Identifier | <a href="https://www.bailii.org/ew/cases/EWHC/Admin/2008/1650.html">https://www.bailii.org/ew/cases/EWHC/Admin/2008/1650.html</a> |
| Public note | View the case free of charge at www.bailii.org... |
| 942 ## - ADDED ENTRY ELEMENTS (KOHA) | |
| Suppress in OPAC | 0 |
| Withdrawn status | Lost status | Source of classification or shelving scheme | Damaged status | Not for loan | Home library | Current library | Shelving location | Date acquired | Total Checkouts | Full call number | Barcode | Date last seen | Copy number | Price effective from | Koha item type |
|---|---|---|---|---|---|---|---|---|---|---|---|---|---|---|---|
| Dewey Decimal Classification | Virtual | Virtual | Online | 29/07/2008 | ONLINE PUBLICATION | 144568-1001 | 06/08/2019 | 1 | 06/08/2019 | Law report |